| 000 | 01776nam a22003617a 4500 | ||
|---|---|---|---|
| 003 | OSt | ||
| 005 | 20230608091311.0 | ||
| 008 | 221006b |||||||| |||| 00| 0 eng d | ||
| 040 | _cBiblioteca Lado V | ||
| 082 |
_a700 _bS232c |
||
| 100 |
_9847 _aSantamaria-Delgado, Carolina _eEditor |
||
| 245 |
_aCuadernos/ _bde música, artes visuales y artes escénicas/ |
||
| 260 |
_aUniversidad Javeriana _c2014 _bColombia _bBogota |
||
| 300 |
_c22x28cm _a237p. |
||
| 366 | _espa | ||
| 490 |
_a9 _v2 _x1794-6670 |
||
| 505 |
_tEDITORIAL _aMapeando los estudios visuales en America Latina: puntos de Partida, Anclajes Institucionales e Iniciativas |
||
| 505 |
_tDossier _aEl escudo de Atenea: cultura visual y guerra en Colombia |
||
| 505 | _tLa oposición política en el cine colombiano del siglo XX: Memorias, regímenes, audiovisuales y subjetivacion política | ||
| 505 | _tLa imagen apropiada: repetición en la obra 18.oktober 1977 | ||
| 505 | _tFotografía y violencia: la memoria actuante de las imágenes | ||
| 505 | _tUteros histericos | ||
| 505 | _tEstudios Iconologicos en la prensa ilustrada del siglo XIX | ||
| 505 |
_tFuera de Dossier _aTransgresión y persistencia El espacio expansivo colectivos artísticos Articulo breve |
||
| 505 |
_tReseña _aCon Wilson lo implícito es mas sugerente que lo explícito Iconotopia |
||
| 650 |
_2Tesauro de Arte & Arquitectura _aMUSICA _9703 |
||
| 650 |
_2Tesauro de Arte & Arquitectura _aARTES ESCENICAS _9702 |
||
| 650 |
_2Tesauro de Arte & Arquitectura _aARTES VISUALES _9702 |
||
| 650 |
_2Tesauro de Arte & Arquitectura _aICONOGRAFIA |
||
| 650 |
_2Tesauro de Arte & Arquitectura _aEDUCACION |
||
| 700 |
_aNavarreta, Jose Antonio _eeditor |
||
| 942 |
_2ddc _c1 _h700 _iS232c _n0 |
||
| 999 |
_c3816 _d3816 |
||